000 00512nam a22001817a 4500
005 20200517122520.0
008 200517b xxu||||| |||| 00| 0 eng d
020 _a9788123924809
041 _aeng
082 _a646.92 MAG
100 _aMAGAZINE RANJAN
_95197
245 _aNational and International Pharmaceutical and Cosmetics Marketing
_cRanjan Magazine
250 _a1'st
260 _aNew Delhi
_bC.B S Publishers and Distributors
_c2014
300 _a270, III
650 _aPharmacy
_95385
942 _cBK
999 _c6207
_d6205